Harry Potter - Le chemin de traverse (Difficile) - Statistiques

Statistiques générales
  • Ce quiz a été pris 23 fois
  • Le résultat moyen est 5 sur 10
Statistiques - réponses
Question Réponse % Correct
Dans quelle boutique Harry rencontre t'il Gilderoy Lockhart pour la première fois ? Fleury et Bott
80%
Dans la cour de quel établissement se situe le mur permettant l'entrée du chemin de traverse ? Le Chaudron Baveur
80%
Qui tient la boutique de prêt à porter pour mages et sorciers ? Madame Guipure
65%
Quelle est la profession de Monsieur Mulpepper ? Apothicaire
45%
Quel est le prénom de Monsieur Beurk ? Caractacus
45%
Quand a été fondée la boutique Ollivander ? 382 Avant J.C.
40%
Sur quelle artère donne la fenêtre de la chambre 11 du chaudron Baveur dans laquelle est logée Harry au début du Prisonnier d'Azkaban ? Charing Croos Road
35%
Que vend-t-on chez Pirouette et Badin ? Des farces et attrapes
35%
Où peut-on acheter un rapeltout, un télescope ou bien une carte de la Lune ? Wiseacres
30%
Qui a édité le livre : Les Animaux Fantastiques ? Obscurus Books
10%
Aucun quiz correspondant
Distribution des résultats
% des personnes avec chaque résultat
Percentile par nombre de réponses
Votre historique - résultats
Vous n’avez pas pris ce quiz